Series Resumidas Por TeLoResumo - Estadísticas

Estadísticas generales
  • Esta prueba ha sido intentada 92 veces
    69 desde el último reinicio
  • La puntuación promedio es 10 de 72
Estadísticas de respuestas
Resumen % Correcto
Breaking Bad
62%
La Casa De Papel
56%
Stranger Things
56%
Friends
43%
Game Of Thrones
43%
The Walking Dead
40%
Dr. House
35%
The Office
33%
Dark
32%
Lost
32%
Better Call Saul
29%
Dexter
24%
Vikings
24%
Succession
22%
The Boys
22%
Los Simuladores
21%
Squid Game
17%
Maria La Del Barrio
16%
Alf
14%
13 Reasons Why
13%
Amor En Custodia
13%
El Chavo Del 8
13%
Prision Break
13%
The Witcher
13%
Wandavision
13%
What If
13%
Chiquititas
11%
Daredevil
11%
Falcon & The Winter Soldier
11%
Alex Rider
10%
Casi Angeles
10%
Cebollitas
10%
He-Man
10%
House Of Dragons
10%
Hunters
10%
Los Caballeros Del Zodiaco
10%
The Umbrella Academy
10%
Verano Del 98
10%
Malcom In The Middle
8%
Mi Familia Es Un Dibujo
8%
Rebelde Way
8%
Amigovios
6%
Dragon Ball
6%
Jessica Jones
6%
Mad Men
6%
Marimar
6%
Muñeca Brava
6%
Naranja Y Media
6%
Pokemon
6%
Brigada Cola
5%
El Hacker
5%
Fringe
5%
Grande Pa
5%
Los Ricos No Piden Permiso
5%
Power Ranger
5%
Resistire
5%
Rick And Morty
5%
Sangre Fria
5%
Son Amores
5%
Wet Hot American Summer
5%
Los Halcones Galacticos
3%
Los Unicos
3%
Padre Coraje
3%
Sense 8
3%
The OA
3%
Un Gallo Para Esculapio
3%
V Invasion Extraterrestre
3%
Arcane
2%
Avatar, La Leyenda De Aang
2%
Luis Miguel
2%
Supercampeones
2%
The X Files
2%
No se encontraron pruebas coincidentes
Distribución de puntuación
Porcentaje de gente con cada puntuación
Porcentaje por número respondido
Historial de tus puntuaciones
No has intentado esta prueba desde el último reinicio